Ohio Sports Teams - Statistics

General Stats
  • This quiz has been taken 26 times
  • The average score is 5 of 10
Answer Stats
Hint Answer % Correct
Football Browns, Bengals, and Ohio State
100%
Basketball Cavaliers
87%
Baseball Reds and Guardians
87%
Hockey Bluejackets
83%
Soccer Crew and FC Cincinnati
74%
Triple-A affiliates Clippers and Mud Hens
30%
NBA G League Charge
26%
Volleyball Fury
22%
UFL Aviators
17%
Lacrosse Landsharks and Machine
13%
No matching quizzes found
Score Distribution
Percent of People with Each Score
Percentile by Number Answered
Your Score History
You have not taken this quiz